000 00780nam a22002417a 4500
999 _c172
_d172
003 AR-CdUCM
008 190222b ||||| |||| 00| 0 spa d
020 _a8470760459
040 _aMUNICIPALIDAD PROVINCIAL DEL CUSCO
_cBIBLIOTECA MUNICIPAL DEL CUSCO
082 _a858.8 /
_bSA164
100 _aSalgari, Emilio
_9800
245 _aLa Hija de los Faraones /
260 _aMadrid :
_bGahe,
_c1975.
300 _a191 paginas ;
_b8 Ilustraciones.
_c20 cm.
505 _aEn las orillas del Nilo -- La sangre de los Faraones -- El hijo del sol -- La hechicera -- Convenio misterioso...
650 _aRio Nilo
_9801
650 _aEsclavitud
_9802
650 _aDesierto
_9803
650 _aEgipto
_9804
650 _aDioses
_9420
942 _2ddc
_cLIBROS
945 _awnts
_d2019-02-22